| 000 | 00646nam a22002177a 4500 | ||
|---|---|---|---|
| 001 | 000037760 | ||
| 003 | DO-SdBNP | ||
| 005 | 20220208075830.0 | ||
| 007 | ta | ||
| 008 | 130305s2012 dr ac 000 0 spa d | ||
| 020 | _a9789945220339 | ||
| 040 |
_aDO-SdBNP _bspa _cBNPHU |
||
| 082 |
_axxx _bP438u |
||
| 100 | 1 |
_aPérez-Incháustegui, Josefina _955372 |
|
| 245 | 1 | 0 |
_aUniversitas siglo XXI : _bUASD III y recuerdos / _cJosefina Pérez-Inchástegui. |
| 260 |
_aSanto Domingo : _bUniversidad Autónoma de Santo Domingo, _c2020. |
||
| 300 |
_a74 p. : _bil., retr. _c16 cm |
||
| 590 | _aInventariado, 2022 / DG | ||
| 910 | _aDG | ||
| 942 |
_2ddc _cLBS1 |
||
| 999 |
_c51370 _d51370 |
||